| 000 | 005910000a22002410004500 | ||
|---|---|---|---|
| 005 | 20120302052739.0 | ||
| 942 | _cBOOK | ||
| 100 | _a Mehta, Narinder | ||
| 245 | _a Indian political system | ||
| 250 | _a 6th | ||
| 300 | _axii,256p | ||
| 040 | _aENG | ||
| 365 | _bRs. | ||
| 650 | _aPolitics | ||
| 650 | _aIndian Political System | ||
| 650 | _aFundamental Rights | ||
| 650 | _aJudicial Review | ||
| 650 | _aLegislature-Judiciary | ||
| 650 | _aExecutive Supreme Court | ||
| 650 | _aState-Emergency-India | ||
| 650 | _aFederalism-India | ||
| 650 | _aConstitutional Development | ||
| 999 |
_c340965 _d340962 |
||